| 000 | 00638nam a2200229Ia 4500 | ||
|---|---|---|---|
| 003 | OSt | ||
| 005 | 20220926042142.0 | ||
| 006 | a|||||r|||| 00| 0 | ||
| 007 | ta | ||
| 008 | 220923b |||||||| |||| 00| 0 eng d | ||
| 037 | _cGeneral Book | ||
| 040 |
_aRTL _cRTL _beng |
||
| 041 |
_2eng _aeng |
||
| 082 | _aXM5:8:Z2, J6 | ||
| 100 |
_aDesai Tanubhai D _9345890 |
||
| 245 | 0 | _aCompany administration under the new company law | |
| 260 | _c1956 | ||
| 650 | _aJoint Stock Company | ||
| 700 |
_a Shah Indulal H _9345891 |
||
| 942 |
_hXM5:8:Z2, J6 _cGB _2CC |
||
| 999 |
_c669016 _d669016 |
||